000 00418nam a22001577a 4500
003 OSt
005 20211007121003.0
008 211007b |||||||| |||| 00| 0 eng d
020 _a9780521121316
040 _aHU
_cDDC
082 _a341.6
245 _aTHE CONDUCT OF HOSTILITIES UNDER THE LAW OF INTERNATIONAL ARMED CONFLICT
260 _aNEW YORK
_bCAMBRIDGE
_c2010
300 _a297,P,25CM
942 _2ddc
_cBOOKS
_n0
999 _c10374
_d10374